000 02566cam a22005174i 4500
003 PE-LiUPU
005 20250731173509.0
008 150616s1995 miu rb 000 0 eng d
020 _a0802824366
035 _a(Sirsi) i9780802824363
040 _aPE-LiUPU
_bspa
_cPE-LiUPU
_erda
049 _aPRUA
082 0 4 _a226.695
_bW68
_221
100 1 _aWinter, Bruce W.,
_eautor.
245 1 4 _aThe Book of Acts in Its Pelestinian Setting /
_cBruce W. Winter.
264 1 _aGrand Rapids, Michigan :
_bWilliam B. Eerdmans Publishing Co.,
_c1995.
300 _a526 páginas ;
_c24 centímetros.
336 _atext
_2rdacontent
337 _aunmediated
_2rdamedia
338 _avolume
_2rdacarrier
490 0 _aThe Book of Acts in first century setting ;
_v4
504 _aBibliografía al pie de páginas.
505 0 _aThe location of cultures in second temple Palestine: the evidence of Josephus.Acts and Roman Policy in judaea -- The Geography of Palestine in Acts -- Palestinian Jewish Personal Names in Acts -- Chief Priests, Sadducees, Pharisees and sanhedrin in Acts -- Synagogues in Jerusalem -- The Composition of the Jerusalem Church -- The Population Size of Jerusalem and the Numerical Growth of the Jerusalem Church -- Jewish Prayer Literature and the Jerusalem Church in Acts -- The Cenacle-Topographical ssetting for Acts 2:44-45 -- The Palestinian Cultural Context of Earlliest Christian Community of Goods -- Jawish activ.
526 _aSEG42
526 _aSEG41
526 _aSEG40
526 _aSEG39
526 _aP94
526 _aP87
526 _aP86
526 _aP85
526 _aP77
526 _aP76
526 _aP35
650 0 4 _aPalestina y la Cristianidad - Historia antigua.
910 _ajck
_bjvq
_cjck
942 _2ddc
_cBOOK
949 _a226.695 W68
_wDEWEY
_c1
_i44573
_lCCODEBUL1
_mBUL
_r0
_sY
_tBOOK
_u2015-4-23
_xTEOLOGIA
_zUNKNOWN
_0COMPRA
_o.STAFF. Colección General
949 _a226.695 W68
_wDEWEY
_c2
_i40614
_lCCODEBUL1
_mBUL
_r0
_sY
_tBOOK
_u2015-6-16
_xTEOLOGIA
_zUNKNOWN
_0COMPRA
_o.STAFF. Colección General
994 _aC0
_bPEPRU
596 _a1
999 _a226.695 W68
_wDEWEY
_c58401
_i44573
_f2021-11-9
_g5
_lCCODEBUL1
_mBUL
_p39.34
_r0
_sY
_tBOOK
_u2015-4-23
_xTEOLOGIA
_PP35
_0COMPRA
_o.STAFF. Colección Teología
_d58401
999 _a226.695 W68
_wDEWEY
_c2
_i40614
_f2021-11-9
_g5
_lCCODEBUL1
_mBUL
_p39.34
_r0
_sY
_tBOOK
_u2015-6-16
_xTEOLOGIA
_PP35
_0COMPRA
_o.STAFF. Colección Teología
980 _81
_gALBERTO SANCHEZ Responsable de Automatización